000 00544nam a2200181Ia 4500
003 GCL
005 20240530105022.0
008 140319s9999 xx 000 0 ara d
040 _aGCL /
_cGCL
082 0 4 _a810.9
_bم ا
100 0 _aمحمد حسين هيكل
245 1 0 _aاسلاميات /
_cمحمد حسين هيكل ، محمد مهدى علام
260 _a[S.N] :
_bمودى جرافيك ،
_c1990
300 _a255 ص
650 0 4 _aالاسلام والحضارة
700 0 _aمحمد مهدى علام
942 _2ddc
_cBK
999 _c52543
_d52543